Countryside divide (Record no. 62431)

MARC details
000 -LEADER
fixed length control field 00773cam a2200217 4500
001 - CONTROL NUMBER
control field WB3606-33
008 - FIXED-LENGTH DATA ELEMENTS--GENERAL INFORMATION
fixed length control field 000000n2000 000 0 eng u
035 ## - SYSTEM CONTROL NUMBER
System control number (Sirsi) u104027
245 ## - TITLE STATEMENT
Title Countryside divide
260 ## - PUBLICATION, DISTRIBUTION, ETC.
Date of publication, distribution, etc. 2000
490 ## - SERIES STATEMENT
Series statement Financial Times
Volume/sequential designation 4 February 2000, 3
490 ## - SERIES STATEMENT
Series statement Times
Volume/sequential designation 4 February 2000, 6(3)
520 ## - SUMMARY, ETC.
Summary, etc. A recently published report by the Cabinet Office shows a sharp contrast between rural areas across Britain. Areas close to urban centres are struggling to cope with the demand on housing whilst more remote areas are suffering from poor services and poverty.
590 ## - LOCAL NOTE (RLIN)
Local note WB
650 ## - SUBJECT ADDED ENTRY--TOPICAL TERM
Topical term or geographic name entry element RURAL AREAS
650 ## - SUBJECT ADDED ENTRY--TOPICAL TERM
Topical term or geographic name entry element RURAL DEPRIVATION
650 ## - SUBJECT ADDED ENTRY--TOPICAL TERM
Topical term or geographic name entry element QUALITY OF LIFE
650 ## - SUBJECT ADDED ENTRY--TOPICAL TERM
Topical term or geographic name entry element POVERTY
690 ## - LOCAL SUBJECT ADDED ENTRY--TOPICAL TERM (OCLC, RLIN)
Topical term or geographic name as entry element Rural
9 (RLIN) 6268
942 ## - ADDED ENTRY ELEMENTS (KOHA)
Suppress in OPAC 0
Holdings
Withdrawn status Lost status Source of classification or shelving scheme Damaged status Not for loan Home library Current library Shelving location Date acquired Total Checkouts Full call number Barcode Date last seen Copy number Price effective from Koha item type
    Dewey Decimal Classification     London London News article 04/02/2000   WB3606-33 104027-1001 06/08/2019 1 06/08/2019 News article